000 01481cam a2200409 i 4500
999 _c1625
_d1625
001 19726966
003 OSt
005 20230116112744.0
008 170619s2018 nyu c 000 1 eng
010 _a 2017017803
020 _a9781534406292 (hardcover)
040 _aDLC
_beng
_cDLC
_erda
_dDLC
_dKH8
042 _apcc
_alcac
082 0 0 _aFIC COO
_223
100 1 _aCooper, Susan,
_d1935-
_eauthor.
245 1 4 _aThe Boggart fights back /
_cSusan Cooper.
250 _aFirst edition.
264 1 _aNew York :
_bMargaret K. McElderry Books,
_c[2018]
300 _a210 pages ;
_c22 cm.
336 _atext
_btxt
_2rdacontent
336 _astill image
_bsti
_2rdacontent
337 _aunmediated
_bn
_2rdamedia
338 _avolume
_bnc
_2rdacarrier
490 0 _aA Boggart book
520 _aAllie, Jay, the Boggart, and his cousin Nessie strive to stop an American developer from destroying their home, even if that means waking up deadly Old Magic creatures.
521 1 _aAges 8-12.
650 1 _aMagic
_vFiction.
650 1 _aAmericans
_zScotland
_vFiction.
650 1 _aImaginary creatures
_vFiction.
650 1 _aLoch Ness monster
_vFiction.
650 7 _aJUVENILE FICTION / Fairy Tales & Folklore / General.
_2bisacsh
650 7 _aJUVENILE FICTION / Fantasy & Magic.
_2bisacsh
650 7 _aJUVENILE FICTION / Action & Adventure / General.
_2bisacsh
651 1 _aScotland
_vFiction.
906 _a7
_bcbc
_corignew
_d1
_eecip
_f20
_gy-gencatlg
942 _2ddc
_cFIC